Rules for cataloging special materials [e resource : article] (Record no. 209464)
[ view plain ]
| 000 -LEADER | |
|---|---|
| fixed length control field | 00337nam a2200109Ia 4500 |
| 008 - FIXED-LENGTH DATA ELEMENTS--GENERAL INFORMATION | |
| fixed length control field | 231221s9999 xx 000 0 und d |
| 041 ## - LANGUAGE CODE | |
| Language code of text/sound track or separate title | English |
| 100 ## - MAIN ENTRY--PERSONAL NAME | |
| Personal name | Sen, Gayathri |
| 245 #0 - TITLE STATEMENT | |
| Title | Rules for cataloging special materials [e resource : article] |
| 650 ## - SUBJECT ADDED ENTRY--TOPICAL TERM | |
| Topical term or geographic name entry element | Rules,cataloging, specia, material, [, resourc, , article] |
| 942 ## - ADDED ENTRY ELEMENTS (KOHA) | |
| Koha item type | Blind and Physically Disabled |
| Date last seen | Total checkouts | Accession number | Uniform resource identifier | Price effective from | Category | Lost status | Damaged status | Withdrawn status | Home library | Current library | Entry date | Grants | Billdate | Currency symbol | Conversion rate | Discount | Old discount |
|---|---|---|---|---|---|---|---|---|---|---|---|---|---|---|---|---|---|
| 26/01/2024 | BL1 | digital/linkfile1.doc | 26/01/2024 | Blind and Physically Disabled | Central Library | Central Library | 07/01/2013 | RS | 1 |
